[Event "GRE-chT 44th"]
[Site "Achaia"]
[Date "2016.07.05"]
[Round "1.9"]
[White "Kalogridakis, Theodoros"]
[Black "Pissadakis, Dimitrios"]
[Result "0-1"]
[WhiteElo "1882"]
[BlackElo "1708"]
[PlyCount "200"]
[EventDate "2016.07.05"]
[EventType "team-swiss"]
[EventRounds "7"]
[EventCountry "GRE"]
[SourceTitle "CBM 173 Extra"]
[Source "ChessBase"]
[SourceDate "2016.08.29"]
[SourceVersion "1"]
[SourceVersionDate "2016.08.29"]
[SourceQuality "1"]
[WhiteTeam "New Filadelfeias"]
[BlackTeam "Chania Kydon"]
[WhiteTeamCountry "GRE"]
[BlackTeamCountry "GRE"]

1. e4 c5 2. Nf3 e6 3. g3 Nc6 4. Bg2 d6 5. d4 cxd4 6. Nxd4 Be7 7. 0-0 Nxd4 8. Qxd4 Nf6 9. c4 0-0 10. Nc3 a6 11. h3 Qc7 12. Be3 Bd7 13. Rac1 Rac8 14. b3 Rfd8 15. Rfd1 Bc6 16. a4 Be8 17. f4 Nd7 18. Qd2 b6 19. Ne2 Nc5 20. Qc2 Bf6 21. Nd4 Qb8 22. Ra1 b5 23. a5 b4 24. g4 g6 25. Ra2 Bg7 26. Kh1 Qc7 27. Bf2 e5 28. Ne2 Bc6 29. f5 Qb7 30. Ng3 Qe7 31. Nf1 Bh6 32. Raa1 gxf5 33. gxf5 Kh8 34. Be3 Bf4 35. Re1 Qg5 36. Rad1 Rg8 37. Bxc5 dxc5 38. Rd6 Qh4 39. Re2 Rxg2 40. Rxg2 Qxh3+ 41. Kg1 Be3+ 42. Nxe3 Qxe3+ 43. Qf2 Qc1+ 44. Kh2 Bxe4 45. Rg1 Qc2 46. Qxc2 Bxc2 47. f6 Bxb3 48. Rc1 Ra8 49. Rd5 Ba2 50. Rc2 b3 51. Rcd2 Rg8 52. Rxc5 Bb1 53. Rb2 Bc2 54. Rxe5 Rc8 55. c5 h6 56. Rd5 Kh7 57. Kg3 Kg6 58. Rd6 Rxc5 59. Rxa6 Rc4 60. Rd6 Ra4 61. Rb6 Ra2 62. R2xb3 Bxb3 63. Rxb3 Rxa5 64. Rb6 Rf5 65. Kg4 Rxf6 66. Rb5 Ra6 67. Rb4 h5+ 68. Kf4 Ra5 69. Rb6+ f6 70. Rb4 Rf5+ 71. Kg3 Kg5 72. Rb8 h4+ 73. Kh3 Rf3+ 74. Kg2 Rg3+ 75. Kf2 f5 76. Rb4 Rg4 77. Rb3 Rf4+ 78. Kg2 Kg4 79. Rb8 h3+ 80. Kh2 Rf2+ 81. Kh1 f4 82. Ra8 Rb2 83. Rc8 Kg3 84. Rg8+ Kf3 85. Rh8 Ke2 86. Re8+ Kf2 87. Kh2 Rb3 88. Ra8 Re3 89. Rg8 f3 90. Ra8 Kf1 91. Ra1+ Re1 92. Ra8 f2 93. Rb8 Rc1 94. Re8 Re1 95. Ra8 Re7 96. Ra2 Ke1 97. Ra1+ Ke2 98. Ra2+ Kf3 99. Ra1 Re1 100. Ra3+ Ke4 0-1

[Event "GRE-ch U14"]
[Site "Rio Achaia"]
[Date "2015.07.02"]
[Round "9.2"]
[White "Pissadakis, Dimitrios"]
[Black "Vlachos, Anatole"]
[Result "0-1"]
[WhiteElo "1694"]
[BlackElo "2001"]
[PlyCount "124"]
[EventDate "2015.06.26"]
[EventType "swiss"]
[EventRounds "9"]
[EventCountry "GRE"]
[SourceTitle "EXT 2024"]
[Source "ChessBase"]
[SourceDate "2023.10.10"]
[SourceVersion "1"]
[SourceVersionDate "2023.10.10"]
[SourceQuality "1"]

1. d4 Nf6 2. c4 e6 3. Nf3 c5 4. d5 exd5 5. cxd5 d6 6. Nc3 g6 7. e4 Bg7 8. Bd3 0-0 9. h3 Nbd7 10. 0-0 a6 11. a4 Qc7 12. Nd2 Rb8 13. a5 b5 14. axb6 Nxb6 15. Nc4 Nxc4 16. Bxc4 Rb4 17. Bd3 c4 18. Bc2 Nd7 19. Ra4 a5 20. Ra2 Nc5 21. Be3 Nb3 22. Ra3 Ba6 23. Re1 Rfb8 24. f4 Nc5 25. Bc1 Nd3 26. Bxd3 cxd3 27. Qd2 Qc5+ 28. Kh1 Rb3 29. Rxb3 Rxb3 30. e5 dxe5 31. fxe5 Rb7 32. Ne4 Qd4 33. Nf6+ Bxf6 34. exf6 Rb8 35. Rf1 Rb6 36. Re1 Bb5 37. Qxa5 Qxf6 38. Bh6 Qd8 39. Qc3 f6 40. d6 Rxd6 41. Qb3+ Rd5 42. Rd1 g5 43. h4 Qd7 44. hxg5 Qf7 45. Ra1 Rd8 46. Qxf7+ Kxf7 47. gxf6 Kxf6 48. Bd2 Rd5 49. Bc3+ Kg6 50. Kg1 Rf5 51. Rd1 Rf7 52. Rd2 Bc4 53. Rf2 Rd7 54. Rd2 Kg5 55. Kf2 Kf4 56. Ba5 Ke4 57. Bc3 Rf7+ 58. Kg3 Rf1 59. Kh3 Ke3 60. Kh4 Bb3 61. Kg5 Rc1 62. Ba5 Rc5+ 0-1

[Event "GRE-ch U14"]
[Site "Rio Achaia"]
[Date "2015.06.27"]
[Round "2.6"]
[White "Trimitzios, Petros"]
[Black "Pissadakis, Dimitrios"]
[Result "1/2-1/2"]
[WhiteElo "1909"]
[BlackElo "1694"]
[PlyCount "104"]
[EventDate "2015.06.26"]
[EventType "swiss"]
[EventRounds "9"]
[EventCountry "GRE"]
[SourceTitle "EXT 2024"]
[Source "ChessBase"]
[SourceDate "2023.10.10"]
[SourceVersion "1"]
[SourceVersionDate "2023.10.10"]
[SourceQuality "1"]

1. d4 Nf6 2. c4 e6 3. Nf3 d5 4. g3 Be7 5. Bg2 0-0 6. 0-0 Nc6 7. b3 Rb8 8. Nc3 Re8 9. Bf4 a6 10. Ne5 Bb4 11. Rc1 Ne7 12. Qd3 h6 13. Rfd1 Nh5 14. Bd2 Nf6 15. Nxd5 Nexd5 16. cxd5 Nxd5 17. Bxd5 Bxd2 18. Bxe6 Bxe6 19. Rxd2 c6 20. e4 Qf6 21. f4 Rbd8 22. Qe3 Bc8 23. Rcd1 Qe7 24. Re1 Qb4 25. Nc4 Bf5 26. a3 Qf8 27. Qf3 Qe7 28. Rde2 Be6 29. Qc3 Bg4 30. Re3 Bc8 31. d5 cxd5 32. exd5 Qc5 33. b4 Rxe3 34. Rxe3 Qxd5 35. Re2 Qd1+ 36. Re1 Qd5 37. Nb6 Qf5 38. Qc7 Rf8 39. Nxc8 Qxc8 40. Re7 Qg4 41. Qd7 Qf3 42. Re8 Rxe8 43. Qxe8+ Kh7 44. Qxf7 Qxa3 45. Qf5+ Kh8 46. Qc8+ Kh7 47. Qxb7 Qe3+ 48. Kf1 Qd3+ 49. Kf2 Qd2+ 50. Kf3 Qd3+ 51. Kg4 Qg6+ 52. Kh4 Qf6+ 1/2-1/2

[Event "Mediterranean-ch U20"]
[Site "Crete"]
[Date "2013.09.01"]
[Round "8"]
[White "Margaritis, Minas"]
[Black "Pissadakis, Dimitrios"]
[Result "1/2-1/2"]
[WhiteElo "1239"]
[BlackElo "1482"]
[PlyCount "126"]
[EventDate "2013.08.27"]
[EventType "swiss"]
[EventRounds "9"]
[EventCountry "GRE"]
[SourceTitle "CBM 156 Extra"]
[Source "ChessBase"]
[SourceDate "2013.10.22"]
[SourceVersion "1"]
[SourceVersionDate "2013.10.22"]
[SourceQuality "1"]

1. d4 d5 2. c4 e6 3. Nc3 Nf6 4. Nf3 Be7 5. Bg5 Nbd7 6. e3 b6 7. cxd5 exd5 8. Be2 Bb7 9. 0-0 0-0 10. Bd3 Ne4 11. Bxe7 Qxe7 12. Bxe4 dxe4 13. Nd2 f5 14. f3 exf3 15. Nxf3 Qxe3+ 16. Kh1 Qe7 17. Qb3+ Qf7 18. Qxf7+ Rxf7 19. Nb5 Ba6 20. Nxc7 Bxf1 21. Nxa8 Rf8 22. Rxf1 Rxa8 23. Re1 h6 24. Nh4 Rc8 25. Nxf5 Rc2 26. Rb1 Rd2 27. h3 Kh7 28. a3 g6 29. Nd6 Rxd4 30. Nb5 Ra4 31. b3 Ra5 32. a4 a6 33. Nc7 b5 34. axb5 axb5 35. b4 Ra4 36. Nxb5 Nb6 37. Nc3 Ra3 38. Nb5 Ra4 39. Nd6 Kg7 40. b5 Kf8 41. Re1 Rd4 42. Re6 Rd5 43. Rxg6 Ke7 44. Nf5+ Rxf5 45. Rxb6 h5 46. Rb8 Kf7 47. b6 Kg7 48. Rc8 Rb5 49. Rc7+ Kg6 50. b7 Kh6 51. Kg1 Rb2 52. Kh2 Rb3 53. h4 Kg6 54. g3 Rb2+ 55. Kh3 Kh6 56. Rc6+ Kg7 57. Rc5 Kg6 58. Rc7 Kh6 59. Rc6+ Kg7 60. Rc5 Kg6 61. Rg5+ Kh6 62. g4 hxg4+ 63. Kxg4 Rxb7 1/2-1/2

[Event "Mediterranean-ch U20"]
[Site "Crete"]
[Date "2013.08.28"]
[Round "3"]
[White "Pissadakis, Dimitrios"]
[Black "Isari, Angeliki"]
[Result "1-0"]
[WhiteElo "1482"]
[BlackElo "1108"]
[PlyCount "45"]
[EventDate "2013.08.27"]
[EventType "swiss"]
[EventRounds "9"]
[EventCountry "GRE"]
[SourceTitle "CBM 156 Extra"]
[Source "ChessBase"]
[SourceDate "2013.10.22"]
[SourceVersion "1"]
[SourceVersionDate "2013.10.22"]
[SourceQuality "1"]

1. d4 d5 2. c4 dxc4 3. Nf3 Nf6 4. e3 Bg4 5. Bxc4 e6 6. Bd3 Be7 7. Nc3 0-0 8. h3 Bh5 9. Qc2 Nc6 10. a3 h6 11. g4 Bg6 12. Bxg6 fxg6 13. Qxg6 a6 14. g5 Ne8 15. Qxe6+ Kh8 16. Nh4 Rg8 17. d5 Bxg5 18. Ng6+ Kh7 19. dxc6 bxc6 20. Qe4 Nf6 21. Nf8+ Kh8 22. Qh7+ Nxh7 23. Ng6# 1-0

[Event "GRE-ch U18"]
[Site "Chania"]
[Date "2013.01.05"]
[Round "6.10"]
[White "Pissadakis, Dimitrios"]
[Black "Valianos, Gerasimos"]
[Result "0-1"]
[WhiteElo "1468"]
[BlackElo "1682"]
[PlyCount "84"]
[EventDate "2013.01.02"]
[EventType "swiss"]
[EventRounds "9"]
[EventCountry "GRE"]
[SourceTitle "EXT 2024"]
[Source "ChessBase"]
[SourceDate "2023.10.10"]
[SourceVersion "1"]
[SourceVersionDate "2023.10.10"]
[SourceQuality "1"]

1. d4 e6 2. c4 Nf6 3. Nc3 b6 4. Bg5 h6 5. Bf4 Bb7 6. e3 Bb4 7. Nge2 0-0 8. a3 Be7 9. Nc1 c5 10. d5 exd5 11. cxd5 d6 12. Bc4 Ba6 13. Bxa6 Nxa6 14. 0-0 Nc7 15. N1e2 Qc8 16. e4 b5 17. Qc2 a5 18. Na2 Re8 19. Rfe1 Qg4 20. f3 Qg6 21. Ng3 Nfxd5 22. Bd2 Nb6 23. b3 Bf6 24. Bc3 d5 25. Bxf6 Qxf6 26. Qxc5 Rac8 27. Qf2 d4 28. Rad1 Rcd8 29. Nf5 Ne6 30. Rd2 Rd7 31. Red1 Red8 32. Nc1 a4 33. Nd3 axb3 34. Nb4 Nc4 35. Nc6 Rc8 36. Nce7+ Rxe7 37. Nxe7+ Qxe7 38. Re2 Qxa3 39. Ree1 b2 40. f4 Ne3 41. Rb1 Rc2 42. Qh4 Nxg2 0-1

[Event "GRE-ch U18"]
[Site "Chania"]
[Date "2013.01.05"]
[Round "5.15"]
[White "Thomadakis, Nestoras"]
[Black "Pissadakis, Dimitrios"]
[Result "0-1"]
[WhiteElo "1235"]
[BlackElo "1468"]
[PlyCount "104"]
[EventDate "2013.01.02"]
[EventType "swiss"]
[EventRounds "9"]
[EventCountry "GRE"]
[SourceTitle "EXT 2024"]
[Source "ChessBase"]
[SourceDate "2023.10.10"]
[SourceVersion "1"]
[SourceVersionDate "2023.10.10"]
[SourceQuality "1"]

1. e4 c5 2. Nf3 a6 3. d4 cxd4 4. Nxd4 Nf6 5. Nc3 e5 6. Nf3 Bb4 7. Bd3 d5 8. Bd2 Bxc3 9. Bxc3 dxe4 10. Bxe4 Qxd1+ 11. Rxd1 Nxe4 12. Bxe5 0-0 13. Rd4 Nf6 14. 0-0 Nc6 15. Rf4 Nxe5 16. Nxe5 Be6 17. a3 Rfd8 18. Rc1 Rac8 19. Nf3 h6 20. h3 Bd5 21. c3 Bxf3 22. Rxf3 Rd2 23. Rb1 Re8 24. b4 Ra2 25. Rb3 Ree2 26. Kf1 Rec2 27. Kg1 b5 28. Rf5 Rab2 29. Rxb2 Rxb2 30. Rc5 Rb3 31. Rc6 Rxa3 32. Kf1 Nd5 33. c4 Nxb4 34. Rc8+ Kh7 35. c5 Rc3 36. Ke2 Rc2+ 37. Ke3 Kg6 38. g3 Kf6 39. f4 a5 40. Ra8 a4 41. Kd4 Rc1 42. Ra5 Nc6+ 43. Kd5 Nxa5 44. Kd4 a3 45. Kd5 a2 46. Kd6 Nc6 47. Kd5 a1Q 48. Kd6 Qd4+ 49. Kc7 Qxc5 50. Kb7 Na5+ 51. Kb8 Qc7+ 52. Ka8 Qb7# 0-1

[Event "GRE-ch U18"]
[Site "Chania"]
[Date "2013.01.03"]
[Round "2.10"]
[White "Pissadakis, Dimitrios"]
[Black "Poulidis, Stefanos"]
[Result "0-1"]
[WhiteElo "1468"]
[BlackElo "1994"]
[PlyCount "128"]
[EventDate "2013.01.02"]
[EventType "swiss"]
[EventRounds "9"]
[EventCountry "GRE"]
[SourceTitle "EXT 2024"]
[Source "ChessBase"]
[SourceDate "2023.10.10"]
[SourceVersion "1"]
[SourceVersionDate "2023.10.10"]
[SourceQuality "1"]

1. d4 d5 2. c4 e6 3. Nc3 c6 4. c5 b6 5. cxb6 axb6 6. Bf4 Ba6 7. Nf3 Nf6 8. a3 Bd6 9. Bxd6 Qxd6 10. g3 0-0 11. Bg2 c5 12. 0-0 Nc6 13. Re1 Rfd8 14. e3 Na5 15. Rb1 Rac8 16. Bf1 c4 17. Nd2 b5 18. Qf3 Qc6 19. Rbd1 Rb8 20. e4 b4 21. axb4 Rxb4 22. e5 Nd7 23. Rb1 Rdb8 24. Nd1 Nb3 25. Nxb3 Rxb3 26. Qe2 Nb6 27. Qc2 Bb5 28. Nc3 Ba4 29. Ra1 Rb4 30. Qd2 Nc8 31. Nxa4 Rxa4 32. Rxa4 Qxa4 33. Qc3 Qb3 34. Qxb3 Rxb3 35. Ra1 Rb8 36. f3 Kf8 37. Ra2 Ne7 38. Kf2 Nf5 39. Be2 Nxd4 40. Ke3 Nc6 41. f4 Ke7 42. Bd1 Kd8 43. Ra6 Ne7 44. Ra2 Nf5+ 45. Kd2 Rb7 46. Bc2 Nd4 47. Bd1 Kc7 48. Kc3 Nb5+ 49. Kd2 Kb6 50. Ra8 Kc5 51. Ra4 Nd4 52. Ra2 Nc6 53. Kc3 d4+ 54. Kd2 Ra7 55. Rxa7 Nxa7 56. Ba4 Nb5 57. Bd1 Kb4 58. g4 Nc7 59. f5 g6 60. fxe6 Nxe6 61. h4 Nf4 62. h5 Nd3 63. hxg6 hxg6 64. Bc2 Nxe5 0-1